Представление документа в формате RUSMARC

ПолеНазваниеЗначение
  Тип записи a
  Библиографический уровень m
001 Контрольный номер RU/CBS_UL/BASE/d1bc49e21dbe4b46a5952e9da9c6cf24
005 Дата корректировки 20260130150615.1
010 Индекс ISBN __
a ISBN
b Уточнения в пер.
d Цена 49 р. 28 к.
9 Тираж экз.
100 Данные общей обработки __
a Данные общей обработки 20260130d 0rusy0189## ca
101 Язык документа 0_
a Язык текста rus
102 Страна публикации __
a Страна публикации RU
200 Заглавие и сведения об ответственности 1_
a Заглавие Репортаж без микрофона
f Первые сведения об ответственности К. Махарадзе
210 Выходные данные 1_
a Место издания Москва
c Издательство ОЛМА-Пресс
d Дата издания 2001
215 Физическое описание __
a Объем 286 с.
c Иллюстрации/тип воспроизводства ил.
d Формат см.
225 Серия 2_
a Серия Олма-Спорт
300 Общие примечания __
a Общие примечания 12+
606 Тематические рубрики 0_
a Основная рубрика Махарадзе, Константин Иванович (1926-2002)
610 Ключевые слова 0_
a Ключевые слова комментаторы спортивные; воспоминания; мемуары; спорт; закулисная жизнь телевидения; тележурналисты советские; наблюдения; курьезы; истории забавные
686 Индексы других классификаций __
2 Код системы rubbk
a Классификационный индекс 75.4(2)
700 Автор _1
a Фамилия Махарадзе
b Имя (инициалы) К.
g Полное личное имя Котэ
801 Источник записи _0
a Страна RU
b Организация МБУК ЦБС г. Ульяновска
c Дата составления 20260130
g Правила каталогизации RCR
801 Источник записи _1
a Страна RU
b Организация МБУК ЦБС г. Ульяновска
c Дата составления 20260130
g Правила каталогизации RCR
901 Тип документа __
t Тип документа m
909 Создатель записи __
a Создатель записи obr2
b Дата создания записи 20260130